[Event "DVM U20 2019"]
[Site "Braunschweig"]
[Date "2019.12.27"]
[Round "1"]
[White "Brüll, Elias"]
[Black "Rösler, Hannah Clara Hed"]
[Result "*"]
[WhiteElo "1797"]
[BlackElo "1695"]
[Annotator "NA RC"]
[PlyCount "53"]
[EventDate "2019.12.27"]
[EventType "team-tourn"]
[EventRounds "7"]
[EventCountry "GER"]
[SourceTitle "playchess.com"]
[Source "ChessBase"]
[SourceQuality "1"]
[WhiteTeam "SC Bavaria Regensburg"]
[BlackTeam "SK Bebenhausen"]
[TimeControl "40/5400+30:1800+30"]

1. e4 {[%emt 0:00:00]} c5 {[%emt 0:00:00]} 2. Nf3 {[%emt 0:00:00]} g6 {[%emt 0:00:02]} 3. d4 {[%emt 0:00:00]} cxd4 {[%emt 0:00:17]} 4. Nxd4 {[%emt 0:00:00]} Nc6 {[%emt 0:00:21]} 5. Nc3 {[%emt 0:00:24]} Bg7 {[%emt 0:00:22]} 6. Be3 {[%emt 0:00:17]} Nf6 {[%emt 0:00:32]} 7. Nxc6 {[%emt 0:00:11]} bxc6 {[%emt 0:00:31]} 8. e5 {[%emt 0:00:10]} Ng8 {[%emt 0:00:45]} 9. f4 {[%emt 0:00:14]} Nh6 {[%emt 0:00:58]} 10. Qd2 {[%emt 0:04:53]} O-O {[%emt 0:06:01]} 11. O-O-O {[%emt 0:02:30]} d6 {[%emt 0:04:26]} 12. Bc4 {[%emt 0:46:45]} Bg4 {[%emt 0:11:34]} 13. Rde1 {[%emt 0:05:04]} dxe5 {[%emt 0:08:19]} 14. fxe5 {[%emt 0:02:22]} Nf5 {[%emt 0:06:46]} 15. Qxd8 {[%emt 0:03:40]} Rfxd8 {[%emt 0:01:02]} 16. Bf2 {[%emt 0:02:04]} Nd4 {[%emt 0:09:37]} 17. Re4 {[%emt 0:12:50]} Be6 {[%emt 0:00:26]} 18. Bxe6 {[%emt 0:01:17]} Nxe6 {[%emt 0:01:07]} 19. Rc4 {[%emt 0:02:44]} Bxe5 {[%emt 0:04:13]} 20. Rxc6 {[%emt 0:00:28]} Bf4+ {[%emt 0:02:23]} 21. Kb1 {[%emt 0:00:09]} Rd2 {[%emt 0:06:18]} 22. Ne4 {[%emt 0:04:14]} Re2 {[%emt 0:01:58]} 23. Re1 {[%emt 0:01:06]} Rd8 {[%emt 0:02:38]} 24. Rf1 {[%emt 0:07:24]} Rxe4 {[%emt 0:01:22]} 25. Bxa7 {[%emt 0:00:16]} Rd2 {[%emt 0:04:27]} 26. g3 {[%emt 0:01:32]} Be5 {[%emt 0:00:31]} 27. b3 {[%emt 0:00:34] unterminated} *

[Event "DVM U20 2019"]
[Site "Braunschweig"]
[Date "2019.12.27"]
[Round "1"]
[White "Mundt, Alexandra"]
[Black "Wagner, Benjamin"]
[Result "1-0"]
[WhiteElo "1775"]
[BlackElo "1994"]
[Annotator "NA"]
[PlyCount "84"]
[EventDate "2019.12.27"]
[EventType "team-tourn"]
[EventRounds "7"]
[EventCountry "GER"]
[SourceTitle "playchess.com"]
[Source "ChessBase"]
[SourceQuality "1"]
[WhiteTeam "Lübecker SV"]
[BlackTeam "SG Aufbau Elbe Magdeburg"]
[TimeControl "40/5400+30:1800+30"]

1. e4 {[%emt 0:00:00]} e5 {[%emt 0:00:00]} 2. Nf3 {[%emt 0:00:00]} Nc6 {[%emt 0:00:00]} 3. Bb5 {[%emt 0:00:00]} a6 {[%emt 0:00:00]} 4. Ba4 {[%emt 0:00:00]} Nf6 {[%emt 0:00:00]} 5. O-O {[%emt 0:00:21]} b5 {[%emt 0:00:37]} 6. Bb3 {[%emt 0:00:05]} Be7 {[%emt 0:00:09]} 7. Re1 {[%emt 0:00:55]} d6 {[%emt 0:00:07]} 8. c3 {[%emt 0:01:18]} O-O {[%emt 0:00:09]} 9. h3 {[%emt 0:02:01]} Na5 {[%emt 0:00:23]} 10. Bc2 {[%emt 0:00:09]} c5 {[%emt 0:00:09]} 11. d4 {[%emt 0:01:21]} Qc7 {[%emt 0:00:09]} 12. Nbd2 {[%emt 0:03:12]} cxd4 {[%emt 0:00:14]} 13. cxd4 {[%emt 0:00:16]} Nc6 {[%emt 0:00:10]} 14. d5 {[%emt 0:04:55]} Nb4 {[%emt 0:00:07]} 15. Bb1 {[%emt 0:00:23]} a5 {[%emt 0:00:07]} 16. Nf1 {[%emt 0:03:53]} Bd7 {[%emt 0:02:12]} 17. Be3 {[%emt 0:04:25] C99: Closed Ruy Lopez: Chigorin Defence: 11 d4 Qc7 12 Nbd2 cxd4} Rfc8 {[%emt 0:03:07]} 18. Re2 {[%emt 0:02:46]} Bd8 {[%emt 0:04:08]} 19. Ng3 {[%emt 0:13:29]} Qb7 {[%emt 0:01:53]} 20. Qd2 {[%emt 0:06:04] [#]} Bb6 $146 {[%emt 0:04:21]} ({Predecessor:} 20... Na6 21. Bc2 Nb4 {½-½ (23) Short,N (2674)-Adams,M (2741) Wijk aan Zee 2005}) 21. Bg5 {[%emt 0:05:33]} Ne8 {[%emt 0:02:00]} 22. Nh4 {[%emt 0:04:14]} Rc7 {[%emt 0:07:22]} 23. a3 {[%emt 0:09:01]} Na6 {[%emt 0:01:51]} 24. Ngf5 {[%emt 0:06:41] unterminated} b4 {[%emt 0:13:40] unterminated} 25. Bc2 {[%emt 0:07:33] unterminated} g6 {[%emt 0:19:23] unterminated} 26. Nh6+ {[%emt 0:07:26]} Kg7 {[%emt 0:01:11] unterminated} 27. Ng4 {[%emt 0:03:20] unterminated} Rac8 $2 {[%emt 0:05:57] unterminated} (27... Bxg4 $1 $15 {stays ahead.} 28. hxg4 Qc8) 28. Bh6+ $2 {[%emt 0:04:00]} ({White must play} 28. Bf6+ $1 $18 Kg8 29. Nh6+ Kf8 30. N6f5 Bxf5 31. Nxf5 gxf5 32. Qh6+ {[%mdl 64] Double Attack} Kg8 33. Qg5+ {[%mdl 64] Double Attack} Kf8 34. Qh6+ {[%mdl 64] Double Attack} Kg8 35. Qg5+ {[%mdl 64] Double Attack} Kf8 36. Qh6+ {[%mdl 64] Double Attack}) 28... Kg8 {[%emt 0:00:28]} 29. Bd1 {[%emt 0:00:51] unterminated} Bxg4 {[%emt 0:05:20]} 30. hxg4 {[%emt 0:00:08] unterminated} Rc4 {[%emt 0:03:09] unterminated} 31. Ba4 {[%emt 0:04:00]} Nf6 {[%emt 0:05:00]} 32. Bc6 {[%emt 0:04:56]} Qa7 {[%emt 0:00:33]} 33. Qd3 {[%emt 0:02:39]} Rxe4 {[%emt 0:04:52]} 34. Rxe4 {[%emt 0:00:01]} Bxf2+ {[%emt 0:00:16]} 35. Kh2 {[%emt 0:00:31]} Nxe4 {[%emt 0:00:21]} 36. Qxe4 {[%emt 0:00:01]} Bxh4 {[%emt 0:00:33]} 37. axb4 {[%emt 0:00:54] unterminated} Qb6 {[%emt 0:07:47] unterminated} 38. bxa5 {[%emt 0:01:04]} Qxb2 {[%emt 0:00:35]} 39. Rb1 {[%emt 0:00:28] unterminated} Qa3 {[%emt 0:01:31]} 40. Bb7 {[%emt 0:00:32] unterminated} Nc5 {[%emt 0:00:12] unterminated} 41. Qc2 $19 {[%emt 0:06:41] unterminated} (41. Qf3 $11 {and White has nothing to worry.} Qa2 42. Rf1) 41... Rd8 {[%emt 0:07:31] unterminated} 42. a6 {[%emt 0:04:44]} Nxa6 {[%emt 0:02:16] normal} 1-0

[Event "DVM U20 2019"]
[Site "Braunschweig"]
[Date "2019.12.27"]
[Round "1"]
[White "Hoenselaar, Dennis"]
[Black "Meyling, Lennart"]
[Result "0-1"]
[WhiteElo "1769"]
[BlackElo "1955"]
[Annotator "NA RC"]
[PlyCount "52"]
[EventDate "2019.12.27"]
[EventType "team-tourn"]
[EventRounds "7"]
[EventCountry "GER"]
[SourceTitle "playchess.com"]
[Source "ChessBase"]
[SourceQuality "1"]
[WhiteTeam "SK Turm Kleve"]
[BlackTeam "Hamburger SK"]
[TimeControl "40/5400+30:1800+30"]

1. c4 {[%emt 0:00:00]} g6 {[%emt 0:00:00]} 2. g3 {[%emt 0:00:00]} Bg7 {[%emt 0:00:11]} 3. Bg2 {[%emt 0:00:12]} d6 {[%emt 0:00:53]} 4. Nc3 {[%emt 0:01:29]} e5 5. d3 {[%emt 0:03:45]} Ne7 {[%emt 0:01:58]} 6. e3 {[%emt 0:02:37]} O-O {[%emt 0:00:31]} 7. Nge2 {[%emt 0:01:02]} c6 {[%emt 0:00:52] unterminated} 8. O-O {[%emt 0:02:14]} f5 {[%emt 0:01:14]} 9. f4 {[%emt 0:02:03] unterminated} Be6 {[%emt 0:04:01] unterminated} 10. b3 {[%emt 0:04:43]} Nd7 {[%emt 0:01:06] unterminated} 11. Qc2 {[%emt 0:06:15]} d5 {[%emt 0:01:49] unterminated} 12. fxe5 {[%emt 0:07:45] unterminated} Nxe5 $11 {[%emt 0:00:32]} 13. Nf4 {[%emt 0:05:55]} Bf7 {[%emt 0:00:43]} 14. d4 {[%emt 0:01:23]} Ng4 {[%emt 0:00:20]} 15. h3 {[%emt 0:03:35]} Nf6 {[%emt 0:00:10]} 16. c5 {[%emt 0:00:30]} g5 {[%emt 0:04:24]} 17. Nd3 {[%emt 0:06:32]} Ne4 {[%emt 0:01:00]} 18. Ne2 {[%emt 0:10:48]} Qc7 {[%emt 0:02:54]} 19. Bxe4 {[%emt 0:13:57]} fxe4 {[%emt 0:01:04]} 20. Ne5 {[%emt 0:03:49]} Be6 {[%emt 0:01:21]} 21. Rxf8+ {[%emt 0:02:29]} Rxf8 {[%emt 0:00:14]} 22. Kg2 {[%emt 0:02:22]} Bxe5 {[%emt 0:05:41]} 23. dxe5 {[%emt 0:00:35]} Qxe5 {[%emt 0:00:23]} 24. Bb2 {[%emt 0:05:17]} Bxh3+ {[%emt 0:11:48]} 25. Kxh3 {[%emt 0:08:21]} Qf5+ {[%emt 0:00:37]} 26. g4 {[%emt 0:01:48]} Qf2 {[%emt 0:00:20] normal} 0-1

[Event "DVM U20 2019"]
[Site "Braunschweig"]
[Date "2019.12.27"]
[Round "1"]
[White "Ortner, Jonas Ruben"]
[Black "Ließ, Alexander"]
[Result "0-1"]
[WhiteElo "1718"]
[BlackElo "1852"]
[Annotator "NA RC"]
[PlyCount "84"]
[EventDate "2019.12.27"]
[EventType "team-tourn"]
[EventRounds "7"]
[EventCountry "GER"]
[SourceTitle "playchess.com"]
[Source "ChessBase"]
[SourceQuality "1"]
[WhiteTeam "SK Bebenhausen"]
[BlackTeam "SC Bavaria Regensburg"]
[TimeControl "40/5400+30:1800+30"]

1. Nf3 c5 {[%emt 0:00:00]} 2. e4 d6 3. d4 {[%emt 0:03:39]} cxd4 {[%emt 0:00:09]} 4. Nxd4 {[%emt 0:00:05]} Nf6 {[%emt 0:00:12]} 5. Nc3 {[%emt 0:00:09]} a6 {[%emt 0:00:08]} 6. Bc4 {[%emt 0:01:06]} e6 {[%emt 0:00:45]} 7. Bb3 {[%emt 0:00:11]} Nbd7 {[%emt 0:03:54] unterminated} 8. O-O {[%emt 0:24:56]} Nc5 {[%emt 0:01:47] unterminated} 9. f3 {[%emt 0:05:40] unterminated unterminated. B86: Sicilian Scheveningen/Najdorf: 6 Bc4, without early ...b5} (9. Qe1 Be7 10. Bg5 h6 11. Bh4 g5 12. Bg3 e5 13. Nf3 Nxb3 14. axb3 Be6 15. Nd2 b5 16. f3 O-O {½-½ (40) Vocaturo,D (2626)-Vachier Lagrave,M (2780) Caleta 2019}) 9... Be7 {[%emt 0:09:12]} 10. Qe2 {[%emt 0:01:08] unterminated} O-O {[%emt 0:03:48] unterminated} 11. Be3 {unterminated} Qc7 {[%emt 0:04:23]} 12. Rad1 {[%emt 0:07:08] unterminated} b5 {[%emt 0:10:59] unterminated} 13. a3 {[%emt 0:02:20] unterminated} Bb7 {[%emt 0:08:24] unterminated} 14. Rd2 $146 {[%emt 0:09:30] unterminated} ({Predecessor:} 14. Qf2 Nxb3 15. Nxb3 d5 16. exd5 Nxd5 17. Nxd5 Bxd5 {½-½ (60) Hoen,R (2284)-Meier,W (2207) Dresden 2008}) 14... Nxb3 {[%emt 0:14:00] unterminated} 15. cxb3 {[%emt 0:07:19] unterminated} d5 {[%emt 0:05:28]} 16. Bf2 {[%emt 0:03:17] unterminated} Bd6 {[%emt 0:10:41] unterminated} 17. h3 {[%emt 0:05:59] unterminated} dxe4 {[%emt 0:04:27]} 18. fxe4 {[%emt 0:00:07]} Rfd8 {[%emt 0:02:47] unterminated} 19. Nf3 Bf4 {[%emt 0:02:31] unterminated} 20. Rc2 {[%emt 0:03:58] unterminated} Rac8 {[%emt 0:01:27] unterminated} 21. Nd4 {[%emt 0:06:57] unterminated} Qe5 {[%emt 0:03:15]} (21... Bh2+ $142 22. Kh1 Be5) 22. Nf3 {[%emt 0:02:50] unterminated} Qh5 {[%emt 0:01:45]} 23. b4 {[%emt 0:03:26]} h6 {[%emt 0:03:18]} 24. g3 {[%emt 0:05:26]} Bb8 {[%emt 0:02:39]} 25. Kg2 {[%emt 0:01:21]} Nd7 {[%emt 0:01:08]} 26. g4 {[%emt 0:01:43]} Qg6 {[%emt 0:00:12]} 27. Kh1 {[%emt 0:02:25]} Ne5 {[%emt 0:00:37]} 28. Nh4 Qg5 {[%emt 0:01:17]} 29. Bg3 {[%emt 0:01:18]} Nc4 {[%emt 0:00:58]} 30. Bxb8 {[%emt 0:00:57]} Rxb8 {[%emt 0:00:05]} 31. Ng2 {[%emt 0:01:05]} Rd7 {[%emt 0:00:33]} 32. Qf2 {[%emt 0:00:26]} Rbd8 {[%emt 0:00:20]} 33. b3 {[%emt 0:00:36]} Ne5 {[%emt 0:00:14]} 34. Nf4 {[%emt 0:01:15]} Qe7 {[%emt 0:00:36]} 35. Qc5 {[%emt 0:00:29]} Rc8 {[%emt 0:01:07]} 36. Qe3 {[%emt 0:00:31]} Rdc7 {[%emt 0:00:54]} 37. Rfc1 {[%emt 0:00:31]} Qg5 {[%emt 0:00:50]} 38. Qg3 {[%emt 0:00:34]} Ng6 {[%emt 0:01:29]} 39. Nxg6 {[%emt 0:00:29]} Qxg6 {[%emt 0:00:05]} 40. Qe5 {[%emt 0:00:34] unterminated} Bxe4+ {[%emt 0:01:50] unterminated} 41. Nxe4 {[%emt 0:12:13]} Rxc2 {[%emt 0:00:15] unterminated} 42. Re1 $19 {[%emt 0:01:10] unterminated} Rc1 {[%emt 0:01:41] normal} 0-1

[Event "DVM U20 2019"]
[Site "Braunschweig"]
[Date "2019.12.27"]
[Round "1"]
[White "van Haaren, Laurens Jan"]
[Black "Foo, Tzun Hong"]
[Result "0-1"]
[WhiteElo "1482"]
[BlackElo "1829"]
[Annotator "NA RC"]
[PlyCount "46"]
[EventDate "2019.12.27"]
[EventType "team-tourn"]
[EventRounds "7"]
[EventCountry "GER"]
[SourceTitle "playchess.com"]
[Source "ChessBase"]
[SourceQuality "1"]
[WhiteTeam "SK Turm Kleve"]
[BlackTeam "Hamburger SK"]
[TimeControl "40/5400+30:1800+30"]

1. d4 Nf6 2. Nf3 {[%emt 0:00:00]} e6 {[%emt 0:00:21]} 3. g3 {[%emt 0:01:22]} b6 {[%emt 0:01:08]} 4. Bg2 {[%emt 0:01:12]} Bb7 {[%emt 0:00:22] unterminated} 5. c4 {[%emt 0:03:14]} Bb4+ {[%emt 0:00:34] unterminated} 6. Bd2 {[%emt 0:01:39] unterminated} Be7 {[%emt 0:00:18]} 7. O-O {[%emt 0:01:21]} O-O {[%emt 0:02:42] unterminated} 8. Nc3 {[%emt 0:01:52]} c6 {[%emt 0:02:26] unterminated} 9. Qc2 {[%emt 0:06:14]} d5 {[%emt 0:03:32] unterminated} 10. cxd5 $11 {[%emt 0:05:12] unterminated} cxd5 {[%emt 0:06:49] unterminated} 11. Rac1 {[%emt 0:07:42]} Nc6 {[%emt 0:10:06]} 12. a3 {[%emt 0:06:24]} Na5 {[%emt 0:11:54]} 13. Bf4 {[%emt 0:06:28]} Nc4 {[%emt 0:05:39]} 14. Nd2 {[%emt 0:03:54]} Rc8 {[%emt 0:05:00]} 15. Nxc4 {[%emt 0:03:13]} Rxc4 {[%emt 0:00:09]} 16. Qd3 {[%emt 0:00:41]} Ba6 {[%emt 0:17:06]} 17. b4 {[%emt 0:10:31]} Qd7 {[%emt 0:05:32]} 18. Rfd1 {[%emt 0:04:21]} Rfc8 {[%emt 0:02:40]} 19. Qd2 {[%emt 0:01:10]} Qc6 {[%emt 0:06:16]} 20. Na2 {[%emt 0:04:53]} Qa4 {[%emt 0:01:58]} 21. Qb2 {[%emt 0:01:41]} Rc2 {[%emt 0:02:22]} 22. Rxc2 {[%emt 0:04:54]} Rxc2 {[%emt 0:00:34]} 23. Qb1 {[%emt 0:02:08]} Rxa2 {[%emt 0:00:24] normal} 0-1

[Event "DVM U20 2019"]
[Site "Braunschweig"]
[Date "2019.12.27"]
[Round "2"]
[White "Roseneck, Jonas"]
[Black "Engel, Luis"]
[Result "0-1"]
[WhiteElo "2417"]
[BlackElo "2531"]
[Annotator "ChessBase"]
[PlyCount "102"]
[EventDate "2019.12.27"]
[EventType "team-tourn"]
[EventRounds "7"]
[EventCountry "GER"]
[SourceTitle "playchess.com"]
[Source "ChessBase"]
[SourceQuality "1"]
[WhiteTeam "SG Aufbau Elbe Magdeburg"]
[BlackTeam "Hamburger SK"]
[TimeControl "40/5400+30:1800+30"]

1. e4 {[%emt 0:00:00]} c5 {[%emt 0:00:00]} 2. Nf3 {[%emt 0:00:00]} d6 {[%emt 0:00:00]} 3. d4 {[%emt 0:00:00]} cxd4 {[%emt 0:00:00]} 4. Nxd4 {[%emt 0:00:00]} Nf6 {[%emt 0:00:00]} 5. Nc3 {[%emt 0:00:00]} a6 {[%emt 0:00:00]} 6. Be3 {[%emt 0:00:20]} e5 {[%emt 0:00:03]} 7. Nb3 {[%emt 0:00:40]} Be6 {[%emt 0:00:08]} 8. f3 {[%emt 0:02:40]} h5 {[%emt 0:00:05]} 9. Qd2 {[%emt 0:00:04]} Nbd7 {[%emt 0:00:07]} 10. Nd5 {[%emt 0:00:04]} Bxd5 {[%emt 0:00:09]} 11. exd5 {[%emt 0:00:01]} g6 {[%emt 0:00:10]} 12. O-O-O {[%emt 0:00:08]} Nb6 {[%emt 0:00:23]} 13. Kb1 {[%emt 0:01:48]} Nbxd5 {[%emt 0:03:37]} 14. Bg5 {[%emt 0:02:55]} Be7 {[%emt 0:00:07]} 15. c4 {[%emt 0:01:42]} Nb6 {[%emt 0:05:25]} 16. Na5 {[%emt 0:02:52]} Rb8 {[%emt 0:17:00]} 17. h4 {[%emt 0:08:52]} Nbd7 {[%emt 0:07:52]} 18. Bd3 {[%emt 0:18:57]} Qc7 {[%emt 0:01:30]} 19. Rhe1 {[%emt 0:02:35]} O-O {[%emt 0:08:16]} 20. g4 {[%emt 0:03:13]} Rfe8 {[%emt 0:01:37]} 21. Nb3 {[%emt 0:12:49]} Bf8 {[%emt 0:02:51]} 22. Rg1 {[%emt 0:04:58]} e4 {[%emt 0:05:16]} 23. Bxf6 {[%emt 0:09:38]} Nxf6 {[%emt 0:00:55]} 24. Bxe4 {[%emt 0:00:18]} hxg4 {[%emt 0:07:30]} 25. Bd3 {[%emt 0:15:29]} d5 {[%emt 0:05:59]} 26. cxd5 {[%emt 0:02:41]} Rbd8 {[%emt 0:00:54]} 27. fxg4 {[%emt 0:01:44]} Rxd5 {[%emt 0:00:55]} 28. g5 {[%emt 0:01:33]} Nh5 {[%emt 0:01:24]} 29. Qc2 {[%emt 0:01:28]} Qe5 {[%emt 0:07:27]} 30. Bc4 {[%emt 0:01:01]} Rxd1+ {[%emt 0:00:06]} 31. Rxd1 {[%emt 0:00:03]} Nf4 {[%emt 0:01:40]} 32. Rd7 {[%emt 0:03:02]} Re7 {[%emt 0:00:33]} 33. Rxe7 {[%emt 0:00:52]} Qxe7 {[%emt 0:00:22]} 34. Nc1 {[%emt 0:02:56]} Bg7 {[%emt 0:01:54]} 35. Ne2 {[%emt 0:00:41]} Ng2 {[%emt 0:01:43]} 36. Qxg6 {[%emt 0:00:57]} Nxh4 {[%emt 0:01:26]} 37. Qd3 {[%emt 0:00:43]} Qxg5 {[%emt 0:00:25]} 38. Bd5 {[%emt 0:00:39]} b5 {[%emt 0:01:59]} 39. a3 {[%emt 0:00:29]} Ng6 {[%emt 0:01:20]} 40. Qb3 {[%emt 0:00:34]} Ne5 {[%emt 0:02:40]} 41. Ka2 {[%emt 0:01:58]} Qd2 {[%emt 0:01:44]} 42. Nc3 {[%emt 0:04:03]} Nd3 {[%emt 0:06:03]} 43. Kb1 {[%emt 0:03:10]} Bxc3 {[%emt 0:06:49]} 44. bxc3 {[%emt 0:00:21]} Qe1+ {[%emt 0:02:02]} 45. Kc2 {[%emt 0:00:10]} Qe2+ {[%emt 0:00:07]} 46. Kb1 {[%emt 0:00:12]} Qf1+ {[%emt 0:00:49]} 47. Kc2 {[%emt 0:00:07]} Nc5 {[%emt 0:00:56]} 48. Qa2 {[%emt 0:00:45]} Qd3+ {[%emt 0:00:36]} 49. Kc1 {[%emt 0:00:22]} Qxc3+ {[%emt 0:00:07]} 50. Kd1 {[%emt 0:00:04]} Kf8 {[%emt 0:01:29]} 51. Ke2 {[%emt 0:01:38]} Nd3 {[%emt 0:01:05] normal} 0-1

[Event "DVM U20 2019"]
[Site "Braunschweig"]
[Date "2019.12.27"]
[Round "2"]
[White "Goldbeck, Lars"]
[Black "Küppers, Timo"]
[Result "1/2-1/2"]
[WhiteElo "2312"]
[BlackElo "2296"]
[Annotator "NA"]
[PlyCount "69"]
[EventDate "2019.12.27"]
[EventType "team-tourn"]
[EventRounds "7"]
[EventCountry "GER"]
[SourceTitle "playchess.com"]
[Source "ChessBase"]
[SourceQuality "1"]
[WhiteTeam "SC Bavaria Regensburg"]
[BlackTeam "SF Essen-Katernberg"]
[TimeControl "40/5400+30:1800+30"]

1. d4 {[%emt 0:00:00]} Nf6 {[%emt 0:00:14]} 2. Nf3 {[%emt 0:00:00]} g6 {[%emt 0:00:24]} 3. Bg5 {[%emt 0:00:00]} Bg7 {[%emt 0:00:30]} 4. Nbd2 {[%emt 0:00:00]} d5 {[%emt 0:02:15]} 5. e3 {[%emt 0:00:05]} O-O {[%emt 0:00:49]} 6. Be2 {[%emt 0:00:53]} Nbd7 {[%emt 0:03:07]} 7. O-O {[%emt 0:00:09]} c5 {[%emt 0:00:37]} 8. c3 {[%emt 0:05:51]} h6 {[%emt 0:02:20]} 9. Bh4 {[%emt 0:00:32]} b6 {[%emt 0:14:46]} 10. Qb3 {[%emt 0:05:50]} Bb7 {[%emt 0:04:13]} 11. Rfd1 {[%emt 0:01:19]} Rc8 {[%emt 0:10:29]} 12. a4 {[%emt 0:07:05]} a6 13. Qa2 {[%emt 0:10:29]} e6 {[%emt 0:26:33]} 14. Bd3 {[%emt 0:15:49]} Qe7 {[%emt 0:05:26]} 15. Ne5 {[%emt 0:03:07]} g5 {[%emt 0:00:41]} 16. Bg3 {[%emt 0:01:17]} Nh5 {[%emt 0:00:59]} 17. Nxd7 {[%emt 0:01:10]} Qxd7 {[%emt 0:00:11]} 18. Be2 {[%emt 0:07:25]} Nxg3 {[%emt 0:00:20]} 19. hxg3 {[%emt 0:00:00]} Qc7 {[%emt 0:03:09]} 20. a5 {[%emt 0:02:15]} b5 {[%emt 0:01:15]} 21. Nb3 {[%emt 0:00:00]} c4 22. Nc5 {[%emt 0:03:01]} Rb8 {[%emt 0:01:35]} 23. Qb1 {[%emt 0:05:08]} Bc8 {[%emt 0:02:54]} 24. e4 {[%emt 0:00:53]} Rd8 {[%emt 0:00:42]} 25. exd5 exd5 {[%emt 0:00:21]} 26. b4 {[%emt 0:01:56]} cxb3 {[%emt 0:00:30]} 27. Qxb3 {[%emt 0:00:08]} Bf8 {[%emt 0:02:29]} 28. Bf3 Qd6 {[%emt 0:01:12]} 29. Re1 {[%emt 0:07:13]} Qc6 {[%emt 0:04:32]} 30. Nd3 {[%emt 0:13:49]} Be6 {[%emt 0:03:52]} 31. Ne5 {[%emt 0:01:13]} Qc7 {[%emt 0:00:54]} 32. Bg4 {[%emt 0:01:17]} Bxg4 {[%emt 0:01:52]} 33. Nxg4 {[%emt 0:00:01]} Bg7 {[%emt 0:00:38]} 34. Ne3 {normal} Qd7 {[%emt 0:00:30]} 35. g4 {[%emt 0:00:30]} 1/2-1/2

[Event "DVM U20 2019"]
[Site "Braunschweig"]
[Date "2019.12.27"]
[Round "2"]
[White "Oberhofer, Cédric"]
[Black "Gorainow, Nikita"]
[Result "1-0"]
[WhiteElo "2260"]
[BlackElo "1946"]
[Annotator "NA"]
[PlyCount "63"]
[EventDate "2019.12.27"]
[EventType "team-tourn"]
[EventRounds "7"]
[EventCountry "GER"]
[SourceTitle "playchess.com"]
[Source "ChessBase"]
[SourceQuality "1"]
[WhiteTeam "SC Bavaria Regensburg"]
[BlackTeam "SF Essen-Katernberg"]
[TimeControl "40/5400+30:1800+30"]

1. d4 {[%emt 0:00:00]} Nf6 {[%emt 0:00:00]} 2. c4 {[%emt 0:00:00]} g6 {[%emt 0:00:00]} 3. Nf3 {[%emt 0:00:00]} Bg7 {[%emt 0:00:00]} 4. g3 {[%emt 0:00:00]} d5 {[%emt 0:00:06]} 5. cxd5 {[%emt 0:00:17]} Nxd5 {[%emt 0:00:05]} 6. Bg2 {[%emt 0:00:14]} O-O {[%emt 0:00:29]} 7. O-O {[%emt 0:00:11]} Nd7 {[%emt 0:25:17]} 8. Qc2 {[%emt 0:11:16]} c6 {[%emt 0:03:42]} 9. Rd1 {[%emt 0:03:17]} Qe8 {[%emt 0:07:03]} 10. e4 {[%emt 0:02:10]} N5b6 {[%emt 0:00:07]} 11. a4 {[%emt 0:05:49]} a5 {[%emt 0:01:09]} 12. Nc3 {[%emt 0:01:22]} e5 {[%emt 0:01:48]} 13. d5 {[%emt 0:00:48]} Nf6 {[%emt 0:19:08]} 14. b3 {[%emt 0:07:58]} cxd5 {[%emt 0:04:54]} 15. Ba3 {[%emt 0:01:03]} dxe4 {[%emt 0:11:00]} 16. Bxf8 {[%emt 0:01:23]} Qxf8 {[%emt 0:06:10]} 17. Nxe4 {[%emt 0:11:08]} Nfd5 {[%emt 0:11:08]} 18. Rac1 {[%emt 0:05:57]} Be6 {[%emt 0:01:26]} 19. Nc5 {[%emt 0:02:54]} Bf5 {[%emt 0:00:25]} 20. Qe2 {[%emt 0:07:41]} Rc8 {[%emt 0:04:10]} 21. Nxb7 {[%emt 0:01:27]} Nc3 {[%emt 0:01:40]} 22. Rxc3 {[%emt 0:00:32]} Rxc3 {[%emt 0:00:05]} 23. Rd8 {[%emt 0:01:13]} Rc1+ {[%emt 0:00:56]} 24. Ne1 {[%emt 0:02:04]} e4 {[%emt 0:00:07]} 25. Rxf8+ {[%emt 0:00:09]} Bxf8 {[%emt 0:00:04]} 26. Qe3 {[%emt 0:03:52]} Rd1 {[%emt 0:01:24]} 27. Qe2 {[%emt 0:04:42]} Rc1 {[%emt 0:00:05]} 28. Bf1 {[%emt 0:00:35]} Bb4 {[%emt 0:00:48]} 29. Nc2 {[%emt 0:00:57]} Bh3 {[%emt 0:00:28]} 30. Ne3 {[%emt 0:00:13]} Re1 {[%emt 0:00:29]} 31. Qxe1 {[%emt 0:00:28]} Bxe1 {[%emt 0:00:14]} 32. Bxh3 {[%emt 0:00:04] normal} 1-0